000 00809nam a2200205 a 4500
001 000031690
005 20240520190011.0
008 110630s1975 dr 000 0 spa d
040 _aDO-SdBNP
_bspa
_cBNPHU
082 _a291.092
_bC348F
100 1 _aPepén, Juan F.
_q (Juan Felix)
_913174
245 1 0 _aVida y obra del Padre Rafael C. Castellanos /
_cJuan Felix Pepen.
260 _aSanto Domingo :
_bArzobispado de Santo Domingo,
_c1975.
300 _a17 p. ;
_c22 cm.
500 _aConferencia pronunciada en la Biblioteca Nacional con ocasión del primer centenario de su nacimiento, 6 de agosto de 1975.
600 1 4 _aCASTELLANOS MARTÍNEZ, RAFAEL CONRADO,
_cPADRE,
_d1875-1932
_944437
650 0 _aClero
_919068
650 4 _aIglesia católica
_zRepública Dominicana
_xHistoria
_9358
049 _aBNPD
999 _c31182
_d31182